رقابة دستورية القوانين : (Record no. 14943)
[ view plain ]
| 000 -الفاتح | |
|---|---|
| حقل البيانات ثابتة الطول | 00977nam a22001817a 4500 |
| 008 - عناصر البيانات ثابتة الطول - معلومات عامة | |
| حقل البيانات ثابتة الطول | 110122s1999 ua|||||r|||| 000 0 ara d |
| 082 ## - رقم تصنيف ديوى العشرى | |
| رقم التصنيف | 342 |
| رقم المادة | ف ت ا |
| 100 ## - المدخل الرئيسى - إسم شخصى | |
| 9 (RLIN) | 22134 |
| الإسم الشخصى | عبد الفتاح ، هشام محمد فوزي |
| 245 ## - بيان العنوان | |
| العنوان | رقابة دستورية القوانين : |
| بقية العنوان | دراسة مقارنة بين أمريكا ومصر / |
| بيان المسئوليه,etc | هشام فوزي عبد الفتاح ؛ تقديم محمد مرغني خيري |
| 260 ## - PUBLICATION, DISTRIBUTION, ETC. (IMPRINT) | |
| مكان الناشر او الموزع | القاهرة : |
| اسم الناشر او الموزع | مركز القاهرة لدراسات حقوق الانسان ، 1999 |
| تاريخ النشر أو التوزيع | 1999 |
| 300 ## - الوصف المادى | |
| التعداد | 392 ص ؛ |
| أبعاد الوعاء | 25 سم |
| 500 ## - تبصرة عامة | |
| تبصرة عامة | أطروحة دكتوراه بعنوان رقابة دستورية القوانين بين أمريكا ومصر، 1998 |
| 541 ## - تبصرة المصدر المباشر للتزويد | |
| مصدر التزويد | د. باسم أحمد ؛ |
| طريقة التزويد | لإهداء ؛ |
| 650 ## - المدخل الاضافى بالموضوع-مصطلح موضوعى | |
| 9 (RLIN) | 22135 |
| مصطلح موضوعي أو اسم جغرافي كعنصر مدخل | دستورية القوانين |
| 650 ## - المدخل الاضافى بالموضوع-مصطلح موضوعى | |
| 9 (RLIN) | 22136 |
| مصطلح موضوعي أو اسم جغرافي كعنصر مدخل | سيادة القانون |
| 650 ## - المدخل الاضافى بالموضوع-مصطلح موضوعى | |
| 9 (RLIN) | 22137 |
| مصطلح موضوعي أو اسم جغرافي كعنصر مدخل | الرقابة القضائية على دستورية القوانين |
| 942 ## - عناصر المدخل الإضافي( كوها) | |
| مصدر التصنيف او مخطط الترفيف | Dewey Decimal Classification |
| Koha [default] item type | Book - Borrowing |
| حالة التراجع | حالة الفقد | مصدر التصنيف او خطة الترفيف | حالة تلف | ليس للاعارة | مجموعات كوها | المكان الدائم | المكان الحالي | موقع الترفيف | تاريخ الاكتساب | Source of acquisition | رقم الاستدعاء | الباركود | Date last seen | مُعار | نوع الوعاء |
|---|---|---|---|---|---|---|---|---|---|---|---|---|---|---|---|
| Dewey Decimal Classification | Central Library | Central Library | First floor | 22/01/2011 | Donation | 342 ف ت ا | 000022788 | 15/07/2025 | 13/11/2023 | Book - Borrowing |